|
|
|
|
| LEADER |
01115nam a2200277 u 4500 |
| 001 |
10057844 |
| 003 |
upatras |
| 005 |
20210117200857.0 |
| 008 |
060920s1984 us eng |
| 020 |
|
|
|a 0316320706
|
| 040 |
|
|
|a ΠΑΝΕΠΙΣΤΗΜΙΟ ΠΑΤΡΑΣ
|c ΠΑΝΕΠΙΣΤΗΜΙΟ ΠΑΤΡΑΣ
|
| 041 |
0 |
|
|a eng
|
| 084 |
|
|
|a WO 185
|
| 100 |
1 |
|
|a Gorbach, Sherwood L.
|9 50609
|
| 245 |
1 |
0 |
|a Manual of surgical infections
|c Sherwood L. Gorbach, John G. Bartlett, Ronald Lee Nichols
|
| 260 |
|
|
|a Boston
|b Little, Brown and Company
|c 1984
|
| 300 |
|
|
|a ix, 405 p.
|b tab.
|c 22 cm.
|
| 504 |
|
|
|a Includes index
|
| 650 |
|
4 |
|a Χειρουργική
|x Επιπλοκές και επακόλουθα
|9 33221
|
| 700 |
1 |
|
|a Bartlett, John
|9 50610
|
| 700 |
1 |
|
|a Nichols, Ronald Lee
|9 50611
|
| 852 |
|
|
|a GR-PaULI
|b ΠΑΤΡΑ
|b ΙΑΤΡΙΚΗ
|k ΑΣΧΞ-10
|h WO 185 GOR
|m 4799
|p 025000140074
|t 1
|
| 942 |
|
|
|2 ddc
|c BK15
|
| 952 |
|
|
|0 0
|1 0
|4 0
|6 WO_185_000000000000000_GOR
|7 0
|9 53622
|a MEDI
|b MEDI
|d 2016-04-24
|i 4799
|l 0
|o WO 185 GOR
|p 025000140074
|r 2016-04-24 00:00:00
|t 1
|w 2016-04-24
|y BK15
|
| 998 |
|
|
|c MANIAKH
|d 2006-09
|
| 999 |
|
|
|c 34250
|d 34250
|